书目信息 |
| 题名: |
南昌起义资料
|
|
| 作者: | ;中国社会科学院现代革命史研究室 编 | |
| 分册: | ||
| 出版信息: | 北京 人民出版社 1979 |
|
| 页数: | 462页 | |
| 开本: | 19cm | |
| 丛书名: | 中国现代革命资料丛刊 | |
| 单 册: | ||
| 中图分类: | K263.1 | |
| 科图分类: | ||
| 主题词: | 中国--历史 , 南昌起义(1927)--史料 | |
| 电子资源: | ||
| ISBN: | ||
| 000 | 00792nam2 2200265 45 | |
| 001 | 0179007460 | |
| 005 | 20060724165705.54 | |
| 010 | @dCNY1.15 | |
| 091 | @a11001.372 | |
| 100 | @a19950724d1979 em y0chiy0121 ea | |
| 101 | 0 | @achi |
| 102 | @aCN@b110000 | |
| 105 | @ay z 000yy | |
| 200 | 10 | @a南昌起义资料@Anan chang qi yi zi liao@f中国社会科学院现代革命史研究室编 |
| 210 | @a北京@c人民出版社@d1979 | |
| 215 | @a462页@d19cm | |
| 225 | 2 | @a中国现代革命资料丛刊 |
| 300 | @a内部发行 | |
| 410 | 0 | @120010@a中国现代革命资料丛刊 |
| 606 | 0 | @a中国@x历史 |
| 606 | @a南昌起义(1927)@x史料 | |
| 690 | @aK263.1 | |
| 711 | 02 | @a中国社会科学院现代革命史研究室@Azhong guo she hui ke xue yuan xian dai ge ming shi yan jiu shi@4编 |
| 801 | 0 | @aCN@bNLC@c20060724 |
| 905 | @f1@b24741@dK263.1@e3 | |
| 南昌起义资料/中国社会科学院现代革命史研究室编.-北京:人民出版社,1979 |
| 462页;19cm.-(中国现代革命资料丛刊) |
| 内部发行 |
| ISBN :CNY1.15 |
| ● |
| 相关链接 |
|
|
|
|
正题名:南昌起义资料
索取号:K263.1/3
 
预约/预借
| 序号 | 登录号 | 条形码 | 馆藏地/架位号 | 状态 | 备注 |
| 1 | 0024741 | 000035311 | 第二借阅区/ [索取号:K263.1/3] | 在馆 | |
| 2 | 0024742 | 202086036 | 第二样本阅览室/ [索取号:K263.1/3] | 在馆 | |
| 3 | 0435953 | 204359531 | 密集书库/ [索取号:K263.1/3] | 在馆 |